| 000 | 00609nam a22001937a 4500 | ||
|---|---|---|---|
| 999 |
_c172417 _d172417 |
||
| 005 | 20200205110614.0 | ||
| 010 | _aENG-127638 | ||
| 020 |
_a9789386807038 _c795.00 |
||
| 035 | _aEN-111170 | ||
| 037 | _bDBAD/PUB | ||
| 082 | _a728.82 | ||
| 100 | _aMishra,Chandra Bhushan | ||
| 245 |
_aPalaces, Forts, and walled cities / _bby Chandra Bhushan Mishra |
||
| 260 |
_aNew Delhi _bBook Shores _c2018 |
||
| 270 |
_bNew Delhi _aB-16,Subhavana Niketan Pitampura, _e110094 |
||
| 300 |
_a174p. _b24cm(hb) |
||
| 500 | _aincludes bibliographical references and index | ||
| 942 |
_2ddc _cEN _h728.82 _mMIS |
||